Castle : (Record no. 8130)

MARC details
000 -LEADER
fixed length control field 02543cam a22004217a 4500
001 - CONTROL NUMBER
control field 8130
003 - CONTROL NUMBER IDENTIFIER
control field FISKH
005 - DATE AND TIME OF LATEST TRANSACTION
control field 20250827140838.0
008 - FIXED-LENGTH DATA ELEMENTS--GENERAL INFORMATION
fixed length control field 071204s2008 nyua j 000 0 eng d
010 ## - LIBRARY OF CONGRESS CONTROL NUMBER
LC control number 2007942678
020 ## - INTERNATIONAL STANDARD BOOK NUMBER
International Standard Book Number 9780810970199
020 ## - INTERNATIONAL STANDARD BOOK NUMBER
International Standard Book Number 9780810970199
020 ## - INTERNATIONAL STANDARD BOOK NUMBER
International Standard Book Number 0810970198
040 ## - CATALOGING SOURCE
Original cataloging agency BTCTA
Transcribing agency BTCTA
Modifying agency BAKER
-- OCO
-- DLC
Language of cataloging eng
050 ## - LIBRARY OF CONGRESS CALL NUMBER
Classification number UG428 .C76
082 ## - DEWEY DECIMAL CLASSIFICATION NUMBER
Classification number 728.81
100 1# - MAIN ENTRY--PERSONAL NAME
Personal name Crosbie, Duncan.
245 10 - TITLE STATEMENT
Title Castle :
Remainder of title a three-dimensional interactive adventure /
Statement of responsibility, etc. [written by Duncan Crosbie ; edited by Sheila Mortimer ; illustrations by Kay Dixey ; paper engineering by Keith Finch ; designs by Kevin Knight and Clare Barber].
260 ## - PUBLICATION, DISTRIBUTION, ETC.
Place of publication, distribution, etc. New York :
Name of publisher, distributor, etc. Abrams Books for Young Readers,
Date of publication, distribution, etc. 2008.
300 ## - PHYSICAL DESCRIPTION
Extent 22 unnumbered pages ;
Other physical details color illustrations ;
Dimensions 31 cm.
336 ## - CONTENT TYPE
Content type term text
Content type code txt
Source rdacontent
337 ## - MEDIA TYPE
Media type term unmediated
Media type code n
Source rdamedia
338 ## - CARRIER TYPE
Carrier type term volume
Carrier type code nc
Source rdacarrier
500 ## - GENERAL NOTE
General note Cover title.
520 ## - SUMMARY, ETC.
Summary, etc. What was it like to live in a medieval castle? This unique book, perfect for reluctant readers and aspiring architects, shows you. For any child who has wondered what life was like in a real medieval castle, this book introduces an architectural marvel through pop-ups, hidden panels, and the helpful commentary of a castle ghost. Every aspect of existence in a castle--from how it was built, to how it was defended from attackers, to what people ate and how they lived--is illustrated and explained in this uniquely designed story. Oversize and chock full of facts, this book makes an excellent addition to a pop-up book collection and is ideal for gift giving and as a starting point for future research. Praise for The Castle: "Too many graphic novel adaptations of classic literature just break down the stories into digestible panels; this is a powerful interpretation of Kafka’s timeless themes.”
650 #0 - SUBJECT ADDED ENTRY--TOPICAL TERM
Topical term or geographic name entry element Castles
Form subdivision Juvenile literature.
650 #0 - SUBJECT ADDED ENTRY--TOPICAL TERM
Topical term or geographic name entry element Fortification
Form subdivision Juvenile literature.
650 #0 - SUBJECT ADDED ENTRY--TOPICAL TERM
Topical term or geographic name entry element Siege warfare
Form subdivision Juvenile literature.
650 #0 - SUBJECT ADDED ENTRY--TOPICAL TERM
Topical term or geographic name entry element Pop-up books
Form subdivision Juvenile literature.
655 #7 - INDEX TERM--GENRE/FORM
Genre/form data or focus term Literature.
Source of term lcgft
Authority record control number or standard number https://id.loc.gov/authorities/genreForms/gf2014026415
700 1# - ADDED ENTRY--PERSONAL NAME
Personal name Mortimer, Sheila.
700 1# - ADDED ENTRY--PERSONAL NAME
Personal name Dixey, Kay.
856 42 - ELECTRONIC LOCATION AND ACCESS
Materials specified Contributor biographical information
Uniform Resource Identifier <a href="http://www.loc.gov/catdir/enhancements/fy0916/2007942678-b.html">http://www.loc.gov/catdir/enhancements/fy0916/2007942678-b.html</a>
856 42 - ELECTRONIC LOCATION AND ACCESS
Materials specified Publisher description
Uniform Resource Identifier <a href="http://www.loc.gov/catdir/enhancements/fy0916/2007942678-d.html">http://www.loc.gov/catdir/enhancements/fy0916/2007942678-d.html</a>
906 ## - LOCAL DATA ELEMENT F, LDF (RLIN)
a 7
b cbc
c copycat
d 2
e ncip
f 20
g y-gencatlg
942 ## - ADDED ENTRY ELEMENTS (KOHA)
Source of classification or shelving scheme Dewey Decimal Classification
Koha item type Books
Suppress in OPAC No
Holdings
Withdrawn status Lost status Source of classification or shelving scheme Damaged status Not for loan Collection Home library Current library Shelving location Date acquired Total Checkouts Full call number Barcode Date last seen Copy number Price effective from Koha item type
    Dewey Decimal Classification     Non-Fiction Footprints International School Library Network Toul Kork Campus Footprints International School Library Network Toul Kork Campus Librarian's Shelf TK 08/27/2025   CRO 728.81 UG428 .C76 2025-4286 08/27/2025 1 08/27/2025 Books